Al llindar del fum : música de Lucas Peire i llibret d'Oriol Estefanell : direcció Josep Sala : taller d'escenificació : 14, 15 i 16 de febrer de 2014 14, 15 i 16 de febrer de 2014
Descripción Física:
1 targeta postal ; il. col. ; 11 x 15 cm.
Idioma:
Catalán
MARC
| LEADER | 00000nkm a22000007a 4500 | ||
|---|---|---|---|
| 001 | 27114 | ||
| 003 | Arxiu | ||
| 005 | 20260324181146.0 | ||
| 008 | 221214b spa||||| |||| 00| 0 cat d | ||
| 017 | |a B 3474-2014 | ||
| 040 | |a agdb |b cat | ||
| 245 | |a Al llindar del fum : música de Lucas Peire i llibret d'Oriol Estefanell : direcció Josep Sala : taller d'escenificació : |b 14, 15 i 16 de febrer de 2014 | ||
| 260 | |a Barcelona : |b Institut del Teatre ; |c 2014 | ||
| 300 | |a 1 targeta postal ; |b il. col. ; |c 11 x 15 cm. | ||
| 500 | |a Postal promocional de l'òpera de cambra "Al llindar del fum" representada els dies 14, 15 i 16 de febrer de 2014, al Teatre Estudi de l'Institut del Teatre. | ||
| 650 | 0 | |2 Arxiu |9 43454 |a Òpera |x Barcelona | |
| 655 | 0 | |9 52685 |a Targetes postals | |
| 710 | 1 | |9 52662 |a Institut del Teatre (Barcelona, Catalunya) | |
| 942 | |2 udc |c ARXIU |n 1 | ||
| 952 | |0 0 |1 0 |2 udc |4 0 |6 NBM1640 |7 1 |9 64815 |a Arxiu |b Arxiu |d 2022-12-14 |l 0 |o NBM-16-40 |p 27114 |r 2022-12-14 00:00:00 |w 2022-12-14 |y ARXIU | ||
| 999 | |c 82822 |d 82822 | ||